Footballeurs par description. #3 - Statistiques

Statistiques générales
  • Ce quiz a été pris 91 fois
  • Le résultat moyen est 6 sur 15
Statistiques - réponses
Descriptions Footballeurs % Correct
Je suis un milieu de terrain sud-américain au look très particulier. J'ai évolué dans les plus grands clubs européens dont le Bayern Munich, le FC Barcelone et la Juventus Turin. Je suis un milieu de terrain infatigable et très rugueux. J'ai évolué dans la très bonne sélection chilienne des années 2010, aux côtés d'Alexis Sanchez et de Gary Medel avec qui j'ai remporté deux Copa América. Arturo Vidal
71%
Je suis incontestablement une des plus grandes légendes de ce sport. J'ai tout d'abord été un milieu de terrain fantastique dans le grand AC Milan des années 1980-1990, aux côtés de la triplette néerlandaise Gullit, Rijkaard, Van Basten. C'est néanmoins sur le banc que j'ai le plus brillé, à la tête d'équipes de légende comme le Réal Madrid et l'AC Milan. Enorme consommateur de chewing-gum, je suis... Carlo Ancelotti
67%
Si mon frère est plus connu que moi, je n'en reste pas moins un joueur marquant des années 2010. J'ai joué dans une dizaine de clubs, un gros chiffre car mes blessures et mon fort caractère ont freiné ma progression au haut niveau. J'étais un milieu offensif très technique. Contrairement à mon frère, défenseur central, qui a choisi la sélection allemande, j'ai opté pour la Sélection ghanéenne, dans laquelle je n'ai jamais réellement pu m'exprimer. Je suis... Kevin Prince Boateng
65%
Je suis un footballeur français né en 1990 sur "l'île de beauté". J'ai principalement effectué ma carrière en Ligue 1 avec plusieurs clubs au compteur. C'est néanmoins à Montpellier que j'ai le plus brillé avec notamment le titre de champion de France glané en 2012 aux côtés de mes compères d'attaque Giroud et Belhanda. Actuellement pensionnaire au FC Nantes. Je suis... Rémy Cabella
65%
Véritable taulier de la Ligue 1 des années 2010-2020, j'ai évolué majoritairement dans deux clubs français, les Girondins de Bordeaux et le FC Nantes. C'est néanmoins avec les verts et jaunes que j'ai réalisé mes meilleures performances notamment avec une Coupe de France remportée en 2022. Défenseur rugueux souvent victime de moqueries notamment par Julien Cazarre, je suis... Nicolas Pallois
64%
Je suis un défenseur central camerounais ayant évolué dans les seuls clubs de Schalke et de Liverpool, avec qui j'ai remporté la Ligue des Champions en 2019. Je suis une véritable tour de contrôle, assez complémentaire de mon coéquipier et leader de la défense Virgil Van Dijk. En manque de temps de jeu, je prends ma retraite à l'âge de 33 ans en 2024. Je suis... Joel Matip
57%
Je suis rentré dans la légende du football car c'est moi qui ai remporté le premier ballon d'or de l'histoire, en 1956, à l'âge de 41 ans. Je suis surnommé le "Sorcier du dribble" car mes qualités techniques étaient largement au-dessus de la moyenne, ce qui m'a permis de jouer en Angleterre jusqu'à l'âge de 50 ans. J'ai atteint mon pic dans le modeste club de Blackpool dans les années 1950. Je suis... Stanley Matthews
30%
Je suis un footballeur africain né en 1984. Je suis notamment connu pour un moment marquant dans ma carrière. Si je n'avais pas marqué ce but, je serai définitivement tombé dans l'oubli car je n'ai jamais évolué dans les plus grands championnats. C'est en effet au Kaizer Chiefs que j'ai le plus évolué. Si je vous dis que je suis le premier buteur de la Coupe du Monde 2010, lors d'un match opposant le Mexique à l'Afrique du Sud, vous pensez à... Siphiwe Tshabalala
26%
Je suis sans doute l'un des ballons d'or les moins connus de la liste de celle-ci. Milieu offensif soviétique des années 1980, j'ai remporté le Ballon d'or à l'âge de 26 ans, en 1986, succédant ainsi à Michel Platini. Talentueux mais discret, j'atteins la finale de l'Euro de football en 1988, aux côtés du grand gardien Dazaïev. Je suis... Igor Belanov
23%
Je suis un milieu de terrain défensif brésilien. Là où la majorité des brésiliens étaient de grands dribbleurs et des joueurs rapides, je faisais tout le travail de l'ombre en ratissant les ballons. Je suis resté dans la légende de mon pays pour avoir été le capitaine de la Seleção lors de la victoire en 1994, à la coupe du monde aux Etats-Unis. J'ai passé la majorité de ma carrière au Brésil et dans de modestes clubs européens comme la Fiorentina. Je suis... Dunga
21%
Je suis un gardien, incontestablement une légende de mon pays. Je suis surnommé "O Modelo" pour l'empreinte que j'ai laissé sur mon poste dans mon pays. Je suis le gardien du Portugal lors du légendaire Euro 2000, lors duquel mon pays s'inclinera face à la France, futur vainqueur. Malgré la victoire de mon club lors de la Ligue des champions 2004, je ne suis pas retenu pour l'Euro de cette même année, car âgé de 35 ans. Je suis... Vitor Baia
21%
Je suis un joueur pouvant évoluer à tous les postes sur un terrain. Tantôt milieu, tantôt défenseur, tantôt ailier, je suis un véritable couteau suisse et un homme de confiance pour les entraîneurs. C'est moi qui ai adressé un centre victorieux à Anatoli Trubin, le gardien du Benfica Lisbonne. Joueur chauve norvégien, je suis... Fredrik Aursnes
17%
Je suis une légende belge d'avant les années 2000. Je suis un meneur de jeu particulièrement sous côté car mes dribbles chaloupés et mes passes lumineuses m'ont permis d'évoluer à l'Inter Milan, Bordeaux ou encore Monaco. D'origine italienne, je n'ai pas réellement pu briller en sélection belge, malgré une bonne équipe composée de Ceulemans ou encore le gardien Preud'homme. Je suis... Enzo Scifo
11%
On peut le dire, sans José Mourinho je ne serai pas présent parmi les "joueurs connus" du football. J'étais incontestablement un des hommes de bases de Mourinho lors de ses passages à Porto et à Chelsea. J'ai remporté la Ligue des Champions en 2004 et la Premier League en 2005. J'ai évolué au poste de défenseur droit. Je suis... Paolo Ferreira
8%
Je suis attaquant allemand très peu académique mais bougrement efficace face à la cage. La majorité de ma carrière s'est déroulée au Bayer Leverkusen, pour lequel je suis le meilleur buteur, derrière Ulf Kirsten. Je suis un grand buteur blond, terreur des défenses allemandes des années 2010, je suis... Stefan Kiebling
7%
Aucun quiz correspondant
Distribution des résultats
% des personnes avec chaque résultat
Percentile par nombre de réponses
Votre historique - résultats
Vous n’avez pas pris ce quiz